Normal view
MARC view
- الشباب - صحة ونظافة
Entry Topical Term
001 - CONTROL NUMBER
- control field: 18005
003 - CONTROL NUMBER IDENTIFIER
- control field: JO-AjAnu
005 - DATE AND TIME OF LATEST TRANSACTION
- control field: 20230606073153.0
008 - FIXED-LENGTH DATA ELEMENTS
- fixed length control field: 230606|| aca||aabn | a|a d
040 ## - CATALOGING SOURCE
- Original cataloging agency: JO-AjAnu
- Transcribing agency: JO-AjAnu
150 ## - HEADING--TOPICAL TERM
- Topical term or geographic name entry element: الشباب - صحة ونظافة
670 ## - SOURCE DATA FOUND
- Source citation: Work cat.: (JO-AjAnu)9245: تاليف: نخبة من اساتذة كليات الطب ؛ اعداد: محمد رفعت, author 18004, الشاب من الطفولة إلى الزفاف